000 01346nam a2200253Ia 4500
003 Ost
005 20260507075247.0
008 260507s9999||||xx |||||||||||||| ||und||
020 _a22232199579
040 _cfsecg
041 _aara
082 _a330
100 _aياسين، سعد غالب
_eمؤلف
245 0 _aنظم إدارة قواعد البيانات /
_c سعد غالب ياسين
260 _aعمان:
_bدار اليازوري,
_c2010
300 _a320 صفحة؛
_bإيضاحات ؛
_c24 سم
504 _aمراجع ص.319 ؛الفصل العاشر عبارة عن اسئلة و اجوبة باللغة الانجليزية ص.261
520 _aمفاهيم قاعدة البيانات- عملية تطوير قاعدة البيانات- النموذج العلائقي لقاعدة البيانات- نموذج الكينونة والعلاقات المطور وقواعد الأعمال- التصميم المنطقي لقاعدة البيانات- التطبيع والعلاقات المعيارية- لغة الإستعلام البنيوية- قواعد البيانات الموجهة للكينونات.
653 _aالإدارة
653 _aالمعلومات
653 _aقواعد البيانات
653 _aنظم المعلومات- المؤسسة الممتدة
942 _cكتاب
999 _c43669
_d43669